| 000 | 00904cam a2200265 a 4500 | ||
|---|---|---|---|
| 001 | 2972030 | ||
| 003 | NUST - PNEC | ||
| 005 | 20170116180900.0 | ||
| 008 | 911221s1991 mnu b 000 0 eng | ||
| 020 | _a0283061103 | ||
| 040 |
_aDLC _cLIBRARY _dDLC |
||
| 043 |
_an-us--- _aap----- _aa-iq--- |
||
| 082 | _a956.7043 WIT | ||
| 100 | 1 |
_aWitherow, John _96217 |
|
| 245 | 1 | 4 |
_aThe Sunday Times : war in the Gulf : a pictorial history _cprepared by Barbara Brades. |
| 260 |
_aSt. Paul, MN : _bWest Pub. Co., _cc1991. |
||
| 300 |
_a192 p. ; _c21 cm. |
||
| 500 | _a" | ||
| 504 | _aIncludes bibliographical references. | ||
| 650 | 0 |
_aPersian Gulf War, 1991 _zUnited States. _xGeneral |
|
| 651 | 0 |
_aUnited States _xPolitics and government _y1989-1993. |
|
| 906 |
_a7 _bcbc _corignew _d2 _encip _f19 _gy-gencatlg |
||
| 942 |
_2ddc _cBK |
||
| 999 |
_c64914 _d64914 |
||